000 00722nam a22002537a 4500
001 BR9701803
003 BR-BrBNA
005 20230928095415.0
007 ta
008 230509b bl.||||| |||| 00| 0 por d
040 _aBR-BrBNA
_bpor
_cBiblioteca Nacional de Agricultura
041 _a(Por)
072 _aD50; H01
090 _ D50 BR9701803
110 1 _aEmpresa de Assistencia Tecnica e Extensao Rural do Estado da Paraiba, Cabedelo (Brasil)
_94010
245 1 _aRegulamento sobre o uso de agrotoxicos na Paraiba
260 3 _aCabedelo, PB (Brasil):
_c1991.
300 _a22 p.
650 _aAgrotoxico
650 _aLegislacao
650 _aParaiba
909 _a202309
_bLucia
_c55
_dLucia Elande
942 _cBK
999 _c56386
_d56386